Best and Worst Brainrot of Every Rarity - Statistics

General Stats
  • This quiz has been taken 23 times
    2 since last reset
  • The average score is 5 of 16
Answer Stats
Rarity Answer % Correct
Worst Common Noobini Pizzanini
100%
Worst Legendary Burbaloni Loliloli
50%
Worst Br. God Cocofanto Elefanto
50%
Best Secret Griffin
50%
Worst Secret Jackorilla
50%
Best Br. God Pretzo Robo
50%
Worst OG Skibidi Toilet
50%
Best OG Spyder Elephant
50%
Worst Rare Trippi Troppi
50%
Worst Epic Cappuccino Assassino
0%
Worst Mythic Frigo Camelo
0%
Best Epic Mummio Rappitto
0%
Best Mythic Orbi Mochi
0%
Best Rare Pinealotto Fruttarino
0%
Best Common Pipi Corni/Holy Arepa
0%
Best Legendary Seraphino Gruyero
0%
No matching quizzes found
Score Distribution
Percent of People with Each Score
Percentile by Number Answered
Your Score History
You have not taken this quiz since the last reset